Statistiques concernant Pokémon - Le Grand Trombinoscope

Cliquez ici pour prendre le quiz!

Statistiques générales

  • Ce quiz a été pris 287 fois
  • Le résultat moyen est 42 sur 100

Statistiques - réponses

HintRéponse% Correct
Professeur Chen
88%
Red
81%
Pierre
79%
Aurore
74%
Peter
68%
Levy & Tatia
66%
Giovanni
65%
Cynthia
63%
Tcheren
59%
Pierre Rochard
59%
N
59%
Timmy
58%
Major Bob
58%
Ghetis
56%
Beladonis
55%
Bianca
54%
Professeur Orme
54%
Lilie
54%
Blue
54%
Ondine
54%
Tarak
53%
Lem
52%
Voltère
51%
Professeur Platane
51%
Nikolaï
51%
Lysandre
51%
Elsa-Mina
50%
Dianthéa
50%
Tili
49%
Saturne
48%
Goyah
47%
Marc
46%
Norman
46%
Hélio
46%
A.Z.
46%
Oléa
45%
Rosemary
45%
Tierno
45%
Barry/René
44%
Gladio
44%
Sheroz
44%
Raphaël Chen
44%
Koga
43%
Guzma
43%
Menzi
43%
Jasmine
42%
Silver
42%
Bardane
42%
Lovis
42%
Rachid
41%
Sonya
41%
Kiméra
40%
Brice
39%
Aragon
38%
Pectorius
38%
Pepper
37%
Fargas
37%
Érika
37%
Strykna
37%
Professeur Lavande
37%
Alisma
36%
Aaron
36%
Clavel
36%
Kunz
36%
Margie
35%
Valériane
35%
Frédo
35%
Adamantin
35%
Malva
35%
Turum
34%
Cormier
34%
Danh
34%
Albert
34%
Xanthin
34%
Alistair
33%
Pania
33%
Mélina
33%
Urup
33%
Vicky
32%
Arthur
32%
Mortimer
32%
Damien
30%
Lambda
30%
Grusha
30%
Nacchara
30%
Guajava
30%
Mimosa
29%
Okuba
28%
Luth
27%
Mustar
27%
Dexio
26%
Eusine
26%
Lona
26%
Clément
25%
Koner
23%
Brome
22%
Gloria
22%
Trace
21%
Élian
21%
Esteban
12%

Distribution des résultats

Percentile par nombre de réponses

% des personnes avec chaque résultat

Votre développement - résultats

Vous n’avez pas pris ce quiz